Môj život je tisíc piesní zbierka skladieb /
Uložené v:
| Hlavný autor: | |
|---|---|
| Ďalší autori: | |
| Médium: | Hudobnina |
| Jazyk: | Slovak Serbian |
| Vydané: |
Báčsky Petrovec : Selenča :
Slovenské vydavateľské centrum ; Komorný zbor Zvony,
2014.
|
| Vydanie: | 2. vyd. |
| Edícia: | Akordeón
zv. 2 |
| Témy: | |
| ISBN: |
9788671034234 (brož.) |
| Fyzický popis: |
200 s. : fotogr., noty, portréty ; 24 cm. |
| Tagy: |
Pridať tag
Žiadne tagy, Buďte prvý kto otaguje tento záznam!
|
Titul je dostupný aj v ... 

MARC
| LEADER | 00000ncm a2200000 a 4500 | ||
|---|---|---|---|
| 001 | 000465639 | ||
| 005 | 20151006092217.0 | ||
| 008 | 150423s2014 rb cgo e 000 0 slo d | ||
| 020 | |a 9788671034234 (brož.) | ||
| 040 | |a SVKKK |b slo |c SVKKK |e AACR2 | ||
| 041 | 0 | |a slo |a scc | |
| 043 | |a e-xo--- | ||
| 044 | |a rb |c RS | ||
| 072 | 7 | |a 78 |x Hudba |2 konspekt | |
| 080 | |a 78.02 |2 2001 | ||
| 080 | |a 784.3/.7 |2 2001 | ||
| 080 | |a 784.089.6 |2 2001 | ||
| 080 | |a 784.087.6 |2 2001 | ||
| 080 | |a (082) |2 200 | ||
| 100 | 1 | |a Súdi, Juraj, |d 1968- | |
| 245 | 1 | 0 | |a Môj život je tisíc piesní |h [hudobnina] : |b zbierka skladieb / |c Juraj Súdi ; [autori fotografií Jaroslav Čiep ... [et al.]]. |
| 250 | |a 2. vyd. | ||
| 260 | |a Báčsky Petrovec : |b Slovenské vydavateľské centrum ; |a Selenča : |b Komorný zbor Zvony, |c 2014. | ||
| 300 | |a 200 s. : |b fotogr., noty, portréty ; |c 24 cm. | ||
| 490 | 1 | |a Akordeón |v zv. 2 | |
| 500 | |a Údaj o fotogr. prevzatý z tiráže | ||
| 546 | |a Čiastočne text aj srb. | ||
| 600 | 1 | 7 | |a Súdi, Juraj, |d 1968- |2 SVKKKMA |
| 650 | 0 | 7 | |a hudobná kompozícia |2 SVKKKPH |
| 650 | 0 | 7 | |a piesne |2 SVKKKPH |
| 655 | 7 | |a partitúry |2 SVKKKPH | |
| 700 | 1 | |a Čiep, Jaroslav, |d 1970- |4 pht | |
| 830 | 0 | |a Akordeón |v zv. 2 | |
| 910 | |a svkkk | ||
| 919 | |a 978-86-7103-423-4 | ||
| 998 | |a BK | ||
| 090 | |g SCKHL |k Sklad Hlavná 10 prízemie |a IV.223973 |j 1064472 |i 2720333367 |s Absenčne | ||